Taylor Swift Songs by Acronyms #2 - Statistics

General Stats
  • This quiz has been taken 106 times
  • The average score is 9 of 12
Answer Stats
Acronym Song % Correct
YNTCD You Need To Calm Down
86%
RWYLM right where you left me - bonus track
85%
TWILY The Way I Loved You
81%
AOTGYLB All Of The Girls You Loved Before
80%
WAOLOM Who's Afraid Of Little Old Me?
79%
SYGB Soon You'll Get Better (feat. The Chicks)
75%
TVFN The Very First Night
75%
DWOHT Dancing With Our Hands Tied
74%
TSMWEL The Smallest Man Who Ever Lived
74%
TSOU The Story Of Us
69%
ITTG it's time to go - bonus track
46%
ITWAM If This Was A Movie
41%
No matching quizzes found
Score Distribution
Percent of People with Each Score
Percentile by Number Answered
Your Score History
You have not taken this quiz